| 000 | 00417nam a2200157 a 4500 | ||
|---|---|---|---|
| 005 | 20140412111427.0 | ||
| 008 | 090227s19uu xx 00 eng d | ||
| 020 | _a0-307-16234-6 | ||
| 050 |
_aER _bLi72 1999 |
||
| 100 | _aTeitelbaum, Michael | ||
| 245 |
_aDisney's The Little Mermaid / _cMichael Teitelbaum. |
||
| 260 |
_aNew York : _bGolden book, _c1999. |
||
| 300 | _aunp. | ||
| 440 | _aDisney | ||
| 999 |
_c106278 _d106278 |
||